00342 a2200109 4500001001000000005001700010008004100027245001900068100002600087773010200113999001700215ART_3710520260410161841.0260409a 10aIntroducción1 aBarra, Rodolfo Carlos0 tRAPgInfraestructura pública y participación privada - Año 38, Nº 449 (feb. 2016)wREV5941 c24086d24086